Argentina multiple choice quiz - Statistics

General Stats
  • This quiz has been taken 7 times
  • The average score is 4 of 10
Answer Stats
Question Answer % Correct
Argentina is the home of _____ Tango
100%
Spanish explorers named Argentina after the ______ they never found Silver
83%
You can go ______ in the southern hemisphere Skiing
83%
Buenos Aires (The capital of Argentina) has more __________ than any other city Bookstores
67%
The highest ________ in the western hemisphere is in Argentina Mountain
50%
What countries does Argentina border Chile, Bolivia, Paraguay, Uruguay, Brazil
33%
What is Argentina's population (Rounded to the nearest million) 45.8 million
17%
What is Argentina's land area (Rounded to the nearest million) 1.073 million kn2
0%
Argentina has 1 time zone even though it should have... 4
0%
Food in Argentina is based off of the food from _____ and _____ Japan and Italy
0%
No matching quizzes found
Score Distribution
Percent of People with Each Score
Percentile by Number Answered
Your Score History
You have not taken this quiz